Bordemar: crónicas del litoral de Chile

Guardat en:
Dades bibliogràfiques
Autor principal: Fonseca, Carlos da (Autor)
Format: Llibre
Idioma:espanyol
Publicat: Santiago Ocho Libros Editores 2015
Edició:1a. ed
Matèries:
Etiquetes: Afegir etiqueta
Sense etiquetes, Sigues el primer a etiquetar aquest registre!

MARC

LEADER 00000cam a2200000 a 4500
001 UCC4529
003 CL-VaPUC
008 180810e20150000cl |||||||||||||||||spa|d
020 |a 9789563352245 
082 0 4 |a 779.983  |b FON  |2 21 
100 0 |a Fonseca, Carlos da  |e author  |9 598753 
245 1 0 |a Bordemar: crónicas del litoral de Chile 
250 |a 1a. ed 
300 |a 184 p 
942 |c BK 
945 |d 20180810 15:16:00  |a dcastane 
260 |a Santiago  |b Ocho Libros Editores  |c 2015 
650 0 |a Fotografía documental   |9 268698 
650 0 |a Comunidades rurales  |9 395931 
650 0 |a Oficios  |9 370802 
650 7 |a CRONICAS  |2 CL-VaPUC  |9 336724 
583 |a last modification  |c 20180810 15:16:00  |k Rodrigo Vera 
999 |c 372023  |d 372021 
952 |0 0  |1 0  |3 erb  |4 0  |6 779_983000000000000_FON_2015  |7 0  |8 A  |9 489247  |a BIBEDU  |b BIBEDU  |i 5486459  |o 779.983 FON 2015  |p 5486459  |r 2019-11-24  |w 2019-11-24  |y BK  |z Catalogado en:20180810  |k LIT